000 00356 a2200169 4500
001 189080
020 _a
040 _cMagnum
100 _aCosta, Maria do Carmo Ferreira da
240 1 0 _aA janta da anta
_lpor
245 1 0 _aA janta da anta
300 _a12
362 0 _a2000
440 1 _aNacional
697 _aLITERATURA INFANTIL
942 _cBK
999 _c189080
_d189080